| 000 | 00518nam a2200205Ia 4500 | ||
|---|---|---|---|
| 003 | OSt | ||
| 005 | 20240325104836.0 | ||
| 008 | 210327s9999||||xx |||||||||||||| ||und|| | ||
| 040 | _cSTCPL | ||
| 041 | _aENG | ||
| 082 |
_a823 _bCOL-H |
||
| 245 | 0 |
_aHarmony in variety / _cedited by ColIn A. Sheppard |
|
| 260 |
_aMadras : _bThe National Publishing Co , _c1968 . |
||
| 300 |
_a268 p. _bHB |
||
| 650 | _aEnglish literature | ||
| 650 | _aFiction | ||
| 700 | _aSheppard, Colin A ( ed.) | ||
| 942 | _cBK | ||
| 942 | _2ddc | ||
| 999 |
_c15365 _d15365 |
||